000 01099nam a22002537a 4500
001 BD-DhSAU
003 BD-DhSAU
005 20250722115651.0
008 150420b2005 bg ||||| m||| 00| 0 eng d
040 _aBD-DhSAU
082 _222
_a630.715
_bR1293
100 _aRAHMAN, MD. MOSHIUR
_eRegistration No. # 15-06575
245 _aDeterminants of adopting climate-smart rice technologies /
_bMS thesis
260 _aSher-e-Bangla Agricultural Uniersity :
_bDepartment of Agricultural Extension and Information System;
_c2022.
300 _avii, 83 p. ;
_c30 cm.
500 _aMS thesis of Department of Agricultural Extension and Information System, Faculty of Agriculture, Sher-e-Bangla Agricultural University, Dhaka, Bangladesh
504 _aIncludes bibliographical reference.
590 _aNazmul
650 _aadopting climate-smart rice technologies
700 _aProf. Dr. Ranjan Roy
_eSuperviser
700 _aProf. Dr. Muhammad Humayun Kabir
_eCo-superviser
856 _uhttp://archive.saulibrary.edu.bd:8080/xmlui/handle/123456789/5341
942 _2ddc
_cTHESIS
999 _c17495
_d17494